এডোবি Flash / (Record no. 12040)
[ view plain ]
| 000 -LEADER | |
|---|---|
| fixed length control field | 00590nam a2200217 a 4500 |
| 001 - CONTROL NUMBER | |
| JCCL Control Number | 12040 |
| 003 - CONTROL NUMBER IDENTIFIER | |
| JCCL marc code | BD-JhCC |
| 005 - DATE AND TIME OF LATEST TRANSACTION | |
| control field | 20210309094740.0 |
| 008 - FIXED-LENGTH DATA ELEMENTS--GENERAL INFORMATION | |
| fixed length control field | 210308b20022013bg a|||| ||a| 000 0 mul d |
| 020 ## - INTERNATIONAL STANDARD BOOK NUMBER | |
| International Standard Book Number | 9789848812815 |
| 035 ## - SYSTEM CONTROL NUMBER | |
| system control number | (BD-JhCC)12040 |
| 040 ## - CATALOGING SOURCE | |
| Original cataloging agency | BD-JhCC |
| Modifying agency | BD-JhCC |
| 041 ## - LANGUAGE CODE | |
| Language code of Book | mul |
| 082 ## - DEWEY DECIMAL CLASSIFICATION NUMBER | |
| Classification number | 005.72 |
| Author mark and Year | ASH 2013 |
| 100 ## - MAIN ENTRY--PERSONAL NAME | |
| Personal name | Ashraf, Bappi |
| 245 ## - TITLE STATEMENT | |
| Title | এডোবি Flash / |
| Statement of responsibility, etc | Bappi Ashraf |
| 260 ## - PUBLICATION, DISTRIBUTION, ETC. (IMPRINT) | |
| Place of publication, distribution, etc | ঢাকা : |
| Name of publisher, distributor, etc | জ্ঞানকোষ প্রকাশনী; |
| Date of publication, distribution, etc | ২০১৩. |
| 300 ## - PHYSICAL DESCRIPTION | |
| Pagination | 512 p, : |
| Other physical details | ill |
| Dimensions | 24 cm. |
| 942 ## - ADDED ENTRY ELEMENTS (KOHA) | |
| Source of classification or shelving scheme | Dewey Decimal Classification |
| Koha item type | Books |
| Source of classification or shelving scheme | Damaged status | Not for loan | Home library | Current library | Shelving location | Date of accession | Cost, normal purchase price | Total Checkouts | Full call number | Barcode | Date last seen | Copy number | Koha item type |
|---|---|---|---|---|---|---|---|---|---|---|---|---|---|
| Dewey Decimal Classification | JCC Rouf Library | JCC Rouf Library | General Stacks | 03/08/2021 | 315.00 | 005.72 ASH 2013 | 16438 | 03/08/2021 | C-1 | Books |